[Event "24th European Women Club Cup 2019"]
[Site "Ulcinj"]
[Date "2019.11.10"]
[Round "1.1"]
[White "Bodnaruk, Anastasia"]
[Black "Muzychuk, Mariya"]
[Result "0-1"]
[WhiteElo "2412"]
[BlackElo "2552"]
[Annotator "TA"]
[PlyCount "48"]
[EventDate "2019.11.10"]
[EventType "team-tourn"]
[EventCountry "MNE"]
[SourceTitle "playchess.com"]
[Source "ChessBase"]
[SourceQuality "1"]
[WhiteTeam "SPB"]
[BlackTeam "Kyiv"]

{[%evp 24,98,30,13,20,0,12,0,29,27,33,-8,0,0,22,24,50,-49,-44,-80,-74,-77,-60,-92,-71,-79,-72,-68,-72,-83,-89,-116,-46,-74,-23,-133,-106,-217,-211,-177,-140,-179,-98,-94,-92,-173,-151,-147,-161,-275,-267,-347,-313,-313,-313,-313,-313,-313,-313,-313,-313,-313,-313,-397,-313,-313,-313,-460,-453,-5924,-5801,-5724,-5515,-5065,-2042,-6279,-1565]} 1. e4 c5 2. Nf3 Nc6 3. d4 cxd4 4. Nxd4 Nf6 5. Nc3 e5 6. Ndb5 d6 7. Bg5 a6 8. Na3 b5 9. Nd5 Be7 10. Bxf6 Bxf6 11. c3 Bg5 12. Nc2 Rb8 13. a3 O-O {B33: Sicilian: Pelikan and Sveshnikov Variations} (13... a5 14. Bd3 Ne7 15. Nxe7 Qxe7 16. Qe2 Qb7 17. O-O O-O 18. b4 Qc7 19. bxa5 Qxa5 20. Nb4 Bd7 21. c4 {½-½ (42) Hou,Y (2658)-Muzychuk,A (2550) Baku 2016}) 14. Be2 a5 15. b4 Be6 {The position is equal.} 16. O-O Ne7 17. bxa5 $146 ({Predecessor:} 17. Nxe7+ Bxe7 18. Ne3 Qc7 19. bxa5 Qxa5 20. Nd5 Bg5 21. g3 Rfc8 22. h4 Bd8 23. Nb4 {0-1 (48) Pogorelskikh,S (2233)-Papyan,A (2160) Kazan 2017}) 17... Qxa5 18. Ncb4 Nxd5 19. exd5 Bd7 20. Qb3 (20. Nc6 $14 Qxc3 21. Nxb8 Rxb8 22. Qd3) 20... Rbc8 $15 21. c4 bxc4 22. Bxc4 Rc5 23. Nd3 Rc7 24. Nb4 Bd2 {Played: Rf8-b8} 0-1

[Event "24th European Women Club Cup 2019"]
[Site "Ulcinj"]
[Date "2019.11.10"]
[Round "1.2"]
[White "Muzychuk, Anna"]
[Black "Ovod, Evgenija"]
[Result "1/2-1/2"]
[WhiteElo "2543"]
[BlackElo "2347"]
[Annotator "TA"]
[PlyCount "105"]
[EventDate "2019.11.10"]
[EventType "team-tourn"]
[EventCountry "MNE"]
[SourceTitle "playchess.com"]
[Source "ChessBase"]
[SourceQuality "1"]
[WhiteTeam "Kyiv"]
[BlackTeam "SPB"]

{[%evp 11,105,10,17,7,14,0,4,0,16,2,17,19,17,16,34,37,32,36,66,70,74,53,72,57,53,13,13,13,13,8,7,-12,-10,-14,0,-17,-17,-27,-6,-12,0,-4,15,23,69,59,241,247,235,192,204,206,209,208,201,135,140,125,125,125,286,250,217,0,291,281,529,532,2518,116,146,95,87,87,105,91,100,59,53,58,48,4,8,8,9,0,0,0,0,0,0,0,0,0,0,0]} 1. e4 e5 2. Nf3 Nc6 3. Bb5 Nf6 4. d3 Bc5 5. O-O Nd4 6. Nxd4 Bxd4 7. c3 {C65: Ruy Lopez: Berlin Defence (3...Nf6), unusual lines and 4 0-0 Bc5} (7. Ba4 O-O 8. c3 Bb6 9. Bg5 h6 10. Bh4 d6 11. Nd2 Bg4 12. Qe1 Be6 13. Bb3 Bxb3 14. axb3 Qe7 15. Nc4 Qe6 16. Bxf6 {½-½ (16) Karjakin,S (2748)-Giri,A (2779) Riga 2019}) 7... Bb6 8. Na3 c6 9. Ba4 O-O 10. Bg5 h6 11. Bh4 d6 12. Nc4 Bc7 13. Ne3 g5 14. Bg3 Ne8 $146 ({Predecessor:} 14... Be6) 15. d4 Ng7 16. Bb3 Qf6 17. f3 Ne6 {[%cal Re5d4]} 18. Bf2 exd4 19. Ng4 Qg7 20. cxd4 h5 21. Bxe6 Bxe6 22. Ne3 {[%cal Bg4e3,Be3c2,Bc2b4][%mdl 32]} d5 23. exd5 cxd5 24. Qb3 f5 25. Rfe1 Rad8 26. Nc2 Rfe8 27. Nb4 g4 {[#]} 28. Nxd5 $1 {[%mdl 512] aiming for Rxe6!} g3 $2 {[#]} ({Black should play} 28... Bf7 $14 29. Rxe8+ Rxe8) (28... Rxd5 29. Rxe6) 29. Rxe6 $1 $18 {[%mdl 512]} gxf2+ (29... Rxe6 30. Nxc7) 30. Kf1 Rxe6 31. Nxc7 Qxc7 32. Qxe6+ {[%mdl 4160] Endgame Double Attack. KQR-KQR} Kg7 33. Rd1 ({But not} 33. Qxf5 Qc4+ 34. Kxf2 Qxd4+ 35. Kg3 Rd5) 33... Qxh2 {Threatens to win with ...Qg1+.} 34. Qe7+ Kg6 35. Kxf2 Rd6 $2 (35... Qd6 $16 {keeps fighting.} 36. Qxd6+ (36. Qxb7 Rb8 $16) 36... Rxd6) 36. Qe8+ Kg7 37. Qe7+ {[%mdl 64] Double Attack} Kg6 38. Re1 {Hoping for Re5.} h4 $2 (38... Qf4 39. Qe8+ Kh6) 39. Qe8+ Kh6 40. Qh8+ $2 (40. Qf8+ $18 {is the precise move to win.} Kg5 41. Re7 Qg3+ 42. Kf1) 40... Kg5 $16 41. Qg8+ (41. Qg7+ $142 Rg6 42. Qe7+ (42. Qxb7 Qg3+ 43. Ke2 Re6+ 44. Kd3 Rxe1 $11) 42... Kh5 43. Qh7+ Kg5 44. Re8) 41... Rg6 42. Qd8+ Kh5 43. Qh8+ Kg5 44. Qe5 Qxe5 45. Rxe5 $14 {KR-KR} Kf4 46. Re2 h3 {The position is equal.} 47. gxh3 Rg3 48. Re3 Rxh3 49. Rb3 Rh2+ 50. Ke1 b6 51. Kd1 Rh1+ 52. Kd2 Rh2+ 53. Kd1 {Accuracy: White = 54%, Black = 50%.} 1/2-1/2

[Event "24th European Women Club Cup 2019"]
[Site "Ulcinj"]
[Date "2019.11.10"]
[Round "1.3"]
[White "Belenkaya, Dina"]
[Black "Abdumalik, Zhansaya"]
[Result "1-0"]
[WhiteElo "2302"]
[BlackElo "2472"]
[Annotator "TA"]
[PlyCount "173"]
[EventDate "2019.11.10"]
[EventType "team-tourn"]
[EventCountry "MNE"]
[SourceTitle "playchess.com"]
[Source "ChessBase"]
[SourceQuality "1"]
[WhiteTeam "SPB"]
[BlackTeam "Kyiv"]

{[%evp 10,173,21,22,42,35,72,56,88,88,67,48,60,25,50,33,28,23,30,29,31,18,20,21,57,60,57,57,67,52,38,31,48,0,0,0,16,0,56,56,60,59,49,63,47,34,133,130,133,110,106,87,67,67,60,52,61,52,84,79,64,72,100,97,125,71,75,71,69,51,71,0,49,35,66,66,64,68,59,68,147,147,139,131,136,125,134,122,138,129,117,125,389,0,0,0,403,390,312,223,329,287,395,219,234,233,516,471,456,456,441,436,924,861,1926,1723,1573,1475,29974,29975,29975,29976,29972,29966,5218,1864,1723,1810,1087,1087,1814,1814,1685,1518,1698,1265,1265,1265,2163,1978,1732,1265,1247,1233,3543,2899,1265,523,2103,1214,12841,6637,29987,29974,29973,29975,29976,29976,29980,29981,29980,29981,29988,29989,29989,29989]} 1. e4 c5 2. Nc3 Nc6 3. Bb5 g6 4. Bxc6 dxc6 5. d3 Bg7 6. Be3 Qa5 {B23: Closed Sicilian: Lines without g3} (6... b6 7. f4 Nf6 8. Nf3 O-O 9. h3 Qc7 10. O-O Rd8 11. Qe1 Ba6 12. Qh4 c4 13. d4 c5 14. dxc5 bxc5 {½-½ (46) Kokarev,D (2611)-Potapov,P (2476) Khanty-Mansiysk 2015}) 7. Qd2 h5 8. f4 $146 ({Predecessor:} 8. Nge2 Nf6 9. h3 Bd7 10. O-O O-O-O 11. a3 c4 12. b4 Qc7 13. d4 e5 14. dxe5 Qxe5 {1-0 (23) Staf,G (2103)-Dobra,C (2200) ICCF email 2006}) 8... Nf6 {White is slightly better.} 9. Nf3 c4 10. e5 Ng4 11. d4 b5 12. Ne4 Qxd2+ 13. Bxd2 Bf5 14. Nc5 $1 Bxc2 15. h3 Nh6 16. b3 cxb3 17. axb3 O-O 18. Kf2 {[%mdl 1024] White has compensation.} a6 19. Ra2 Bf5 20. Rha1 Bc8 21. Ba5 Nf5 22. g3 Re8 23. Rd2 f6 (23... Rf8 $11) 24. Re1 $14 Rf8 25. e6 Nd6 26. g4 Bh6 27. Kg3 Nb7 {[#]} (27... f5 $14 28. gxh5 gxh5) 28. Nxb7 $1 $16 Bxb7 29. Rc1 Rac8 30. Rc5 Kh7 31. Re2 Rg8 32. Ne1 Bg7 33. Rd2 Rh8 34. Ng2 Bh6 35. Rd1 Rhg8 36. Ne3 Ba8 37. Nc2 (37. gxh5 $142 Rg7 38. Kf3) 37... Bb7 38. Nb4 Bg7 39. Kf3 Rh8 40. Kg3 Rhg8 $1 41. Kf2 Rgf8 42. Ke3 Rh8 43. gxh5 Kg8 44. Rg1 Rxh5 (44... f5 $14) 45. Rxh5 gxh5 46. Nd3 c5 47. Nxc5 Bd5 48. f5 Kh7 49. Kd3 Bh6 50. Bb4 Re8 $2 {[%mdl 8192]} (50... a5 $16 {is a better defense.} 51. Bxa5 Bf4) 51. Kc3 $2 (51. Nd7 $18 {aiming for Bxe7!} Bg7 52. Nb6 Bxb3 53. Kc3) 51... Rc8 $11 52. Kd3 $2 {[%mdl 8192]} (52. h4 $11) 52... Re8 $1 $18 53. Nd7 {Strongly threatening Bxe7!} Bg7 54. Ra1 Bxb3 (54... Bg2 $142) 55. Rxa6 Kg8 56. Rb6 (56. Nb6 $142) 56... Bc4+ 57. Ke4 Bf1 $2 (57... Ba2 {was necessary.} 58. Rxb5 Bb1+ 59. Ke3 Bc2) 58. d5 Bg2+ {[#]} 59. Kd4 $1 Bxh3 {[#]} 60. Bxe7 $1 {[%mdl 512]} Bxf5 (60... Rxe7 $142 61. Rb8+ Kh7) 61. Bxf6 h4 62. Bxg7 Kxg7 {[%mdl 4096] Endgame KRB-KRN} 63. Ke5 h3 64. Nf6 h2 65. Nxe8+ Kg6 66. e7+ Kg5 67. Nf6 {Ne4+ would kill now.} h1=Q 68. e8=Q Qh2+ 69. Kd4 Qd2+ 70. Kc5 {White threatens Qh5+ and mate.} Qc3+ 71. Kd6 ({Not} 71. Kxb5 Bd3+ 72. Ka4 Bc2+ 73. Kb5 Bd3+ 74. Ka4 Bc2+ 75. Kb5 Bd3+ $11) 71... Qxf6+ {KQR-KQB} 72. Kc7 Qc3+ 73. Kb8 Qc5 74. Qd8+ Kg4 75. d6 Qe5 76. Qc7 Qe8+ 77. Ka7 Qe5 78. Qe7 (78. Rb7 $142 Qd4+ 79. Ka6) 78... Qa1+ 79. Kb7 Qh1+ 80. Kc7 Qa8 81. Qe2+ {White mates.} Kh4 82. Qf2+ Kg4 83. Qd4+ Kh3 84. d7 Qa7+ 85. Kd8 Qa5 86. Ke7 Qe1+ 87. Kf8 {Accuracy: White = 77%, Black = 36%.} 1-0

[Event "24th European Women Club Cup 2019"]
[Site "Ulcinj"]
[Date "2019.11.10"]
[Round "1.4"]
[White "Osmak, Iulija"]
[Black "Styazhkina, Anna"]
[Result "1-0"]
[WhiteElo "2401"]
[BlackElo "2280"]
[Annotator "NA RC"]
[PlyCount "77"]
[EventDate "2019.11.10"]
[EventType "team-tourn"]
[EventCountry "MNE"]
[SourceTitle "playchess.com"]
[Source "ChessBase"]
[SourceQuality "1"]
[WhiteTeam "Kyiv"]
[BlackTeam "SPB"]
[TimeControl "40/5400+30:1800+30"]

1. d4 {[%emt 0:00:00]} d5 {[%emt 0:00:00]} 2. c4 {[%emt 0:00:00]} c6 {[%emt 0:00:06]} 3. cxd5 {[%emt 0:00:00]} cxd5 {[%emt 0:00:11]} 4. Nc3 {[%emt 0:00:00]} Nf6 {[%emt 0:00:14]} 5. Bf4 {[%emt 0:00:00]} Nc6 {[%emt 0:00:24]} 6. e3 {[%emt 0:00:00]} a6 {[%emt 0:03:15]} 7. Be2 {[%emt 0:00:06]} Bf5 {[%emt 0:00:09]} 8. g4 {[%emt 0:00:12]} Bd7 {[%emt 0:00:32]} 9. g5 {[%emt 0:02:22]} Ne4 {[%emt 0:00:32]} 10. Nxd5 {[%emt 0:08:56]} Qa5+ {[%emt 0:01:06]} 11. Nc3 {[%emt 0:00:06]} Nxc3 {[%emt 0:00:48]} 12. bxc3 {[%emt 0:00:06]} Qxc3+ {[%emt 0:00:22]} 13. Kf1 {[%emt 0:00:03]} e5 {[%emt 0:18:19]} 14. dxe5 {[%emt 0:04:08]} Rd8 {[%emt 0:02:15]} 15. Qe1 {[%emt 0:08:01]} Qa3 {[%emt 0:26:25]} 16. Kg2 {[%emt 0:04:46]} Bb4 {[%emt 0:00:56]} 17. Qc1 {[%emt 0:00:20]} Qa5 {[%emt 0:00:17]} 18. Nf3 {[%emt 0:00:36]} Bf5 {[%emt 0:00:29]} 19. Qc4 {[%emt 0:04:34]} Be6 {[%emt 0:03:55]} 20. Qc2 {[%emt 0:01:02]} Rc8 {[%emt 0:04:43]} 21. a3 {[%emt 0:08:09]} Bc3 {[%emt 0:03:00]} 22. Rac1 {[%emt 0:00:46]} Ne7 {[%emt 0:00:48]} 23. Qb1 {[%emt 0:01:42]} b5 {[%emt 0:05:47]} 24. Nd4 {[%emt 0:11:34]} Bd5+ {[%emt 0:04:01]} 25. Bf3 {[%emt 0:04:58]} O-O {[%emt 0:09:29]} 26. Bxd5 {[%emt 0:07:30]} Nxd5 {[%emt 0:00:06]} 27. Nf5 {[%emt 0:01:03]} Qxa3 {[%emt 0:04:33]} 28. Nd6 {[%emt 0:00:27]} Rc5 {[%emt 0:01:01]} 29. Rhd1 {[%emt 0:08:31]} b4 {[%emt 0:02:20]} 30. Qe4 {[%emt 0:04:53]} Nc7 {[%emt 0:04:44]} 31. Nxf7 {[%emt 0:07:34]} Qa2 {[%emt 0:03:24]} 32. g6 {[%emt 0:05:21]} hxg6 {[%emt 0:00:14]} 33. Ng5 {[%emt 0:01:03]} Ne6 {[%emt 0:00:36]} 34. Qxg6 {[%emt 0:00:57]} Nxg5 {[%emt 0:00:37]} 35. Qxg5 {[%emt 0:00:06]} Rd5 {[%emt 0:01:11]} 36. Qg4 {[%emt 0:01:48]} Rfd8 {[%emt 0:00:33]} 37. Qe6+ {[%emt 0:01:58]} Kh8 {[%emt 0:00:19]} 38. e4 {[%emt 0:00:06]} b3 {[%emt 0:00:47]} 39. Rxc3 {[%emt 0:00:56]} 1-0

[Event "24th European Women Club Cup 2019"]
[Site "Ulcinj"]
[Date "2019.11.10"]
[Round "1.5"]
[White "Cramling, Pia"]
[Black "Injac, Teodora"]
[Result "1/2-1/2"]
[WhiteElo "2443"]
[BlackElo "2257"]
[Annotator "TA"]
[PlyCount "105"]
[EventDate "2019.11.10"]
[EventType "team-tourn"]
[EventCountry "MNE"]
[SourceTitle "playchess.com"]
[Source "ChessBase"]
[SourceQuality "1"]
[WhiteTeam "Cercle d`Echecs"]
[BlackTeam "Jelica PEP"]

{[%evp 12,105,31,35,34,21,23,21,16,16,16,20,41,24,28,8,12,11,16,9,23,25,24,-47,0,0,2,0,0,-6,0,0,0,-30,0,0,0,0,25,33,31,23,14,4,12,0,0,0,0,-11,0,0,-4,0,0,0,0,0,0,0,0,-8,-8,-10,0,-9,0,0,8,0,0,0,0,0,8,8,8,8,8,8,8,8,8,8,8,0,0,0,0,0,0,0,0,0,0,0]} 1. Nf3 Nf6 2. g3 g6 3. Bg2 Bg7 4. O-O O-O 5. d4 d6 6. Re1 Nc6 7. d5 Nb8 {[%cal Bc6b8,Bb8a6,Ba6c5][%mdl 32] A49: 1 d4 Nf6 2 Nf3 g6 3 g3: Anti-King's Indian systems} 8. c4 a5 9. Nc3 Na6 10. e4 e5 $146 ({Predecessor:} 10... Bg4 11. h3 Bxf3 12. Bxf3 Nd7 13. Be3 c6 14. Bg2 Nac5 15. Qe2 {0-1 (35) Paravyan,D (2634)-Andreikin,D (2719) St Petersburg 2018}) 11. Bg5 h6 12. Bd2 Nc5 13. Qc2 Bd7 14. Be3 {With the idea Bxc5.} b6 15. h3 Nh5 16. Qd2 Kh7 17. g4 ({Better is} 17. Qd1 $11) 17... Nf6 (17... Nf4 $5) 18. Nh2 h5 {[%cal Rh5g4]} 19. g5 Ng8 20. f4 f5 21. gxf6 Qxf6 {[%cal Re5f4]} 22. Rf1 Bh6 {[%cal Rh6f4]} 23. fxe5 $1 Qxe5 24. Nf3 Bxe3+ (24... Qg3 $2 25. Ne2 $18) 25. Qxe3 Qg7 26. e5 dxe5 27. d6 {[#] Threatens to win with Ng5+.The position is equal.} ({But not} 27. Nxe5 Rxf1+ 28. Rxf1 Re8 $17) 27... c6 $1 28. Rae1 ({Inferior is} 28. Nxe5 Rxf1+ 29. Bxf1 (29. Rxf1 Re8 $19) 29... Re8 $17) 28... Nh6 29. Qxe5 Rae8 30. Qxg7+ Kxg7 31. Ne5 Rxf1+ $1 32. Kxf1 Nf5 33. Nxd7 Rxe1+ 34. Kxe1 Nxd7 35. Bxc6 $11 {[%mdl 4096] Endgame KBN-KNN} Ne5 36. Bd5 Nxd6 37. b3 Kf6 38. Kf2 Nd7 39. Bc6 Ke6 40. Kg3 Ne5 41. Bg2 g5 42. Nd5 Nc8 43. h4 gxh4+ 44. Kxh4 {[#] Strongly threatening Bh3+.} Kd6 45. Bh3 Na7 46. Nxb6 Nd3 47. a3 Nc6 48. Nd5 Kc5 49. Bf1 Nc1 50. b4+ axb4 51. axb4+ Nxb4 52. Nxb4 Kxb4 53. Kxh5 {Accuracy: White = 61%, Black = 66%.} 1/2-1/2

[Event "24th European Women Club Cup 2019"]
[Site "Ulcinj"]
[Date "2019.11.10"]
[Round "1.6"]
[White "Velikic, Adela"]
[Black "Socko, Monika"]
[Result "0-1"]
[WhiteElo "2275"]
[BlackElo "2417"]
[Annotator "NA"]
[PlyCount "50"]
[EventDate "2019.11.10"]
[EventType "team-tourn"]
[EventCountry "MNE"]
[SourceTitle "playchess.com"]
[Source "ChessBase"]
[SourceQuality "1"]
[WhiteTeam "Jelica PEP"]
[BlackTeam "Cercle d`Echecs"]
[TimeControl "40/5400+30:1800+30"]

1. d4 {[%emt 0:00:00]} Nf6 {[%emt 0:00:00]} 2. c4 {[%emt 0:00:00]} e6 {[%emt 0:00:00]} 3. Nc3 {[%emt 0:00:00]} Bb4 {[%emt 0:00:00]} 4. g3 {[%emt 0:00:00]} O-O {[%emt 0:00:44]} 5. Bg2 {[%emt 0:00:00]} d6 {[%emt 0:00:04]} 6. Nf3 {[%emt 0:02:10]} Bxc3+ {[%emt 0:00:07]} 7. bxc3 {[%emt 0:00:08]} Nc6 {[%emt 0:00:01]} 8. O-O {[%emt 0:08:58]} e5 {[%emt 0:00:39]} 9. Rb1 {[%emt 0:10:46]} Qe7 {[%emt 0:03:23]} 10. Qc2 {[%emt 0:13:39]} Re8 {[%emt 0:01:33]} 11. Re1 {[%emt 0:05:24]} e4 {[%emt 0:12:57]} 12. Ng5 {[%emt 0:05:51]} h6 {[%emt 0:02:21]} 13. Nh3 {[%emt 0:00:15]} Na5 {[%emt 0:02:58]} 14. c5 {[%emt 0:21:49]} dxc5 {[%emt 0:04:21]} 15. e3 {[%emt 0:01:44]} b6 {[%emt 0:07:15]} 16. Nf4 {[%emt 0:01:12]} g5 {[%emt 0:05:11]} 17. Ne2 {[%emt 0:00:42]} Ba6 {[%emt 0:01:27]} 18. Ra1 {[%emt 0:04:59]} Bd3 {[%emt 0:02:21]} 19. Qd1 {[%emt 0:00:35]} Rad8 {[%emt 0:01:30]} 20. Bd2 {[%emt 0:02:54]} Qe6 {[%emt 0:04:11]} 21. Qa4 {[%emt 0:10:35]} Nc4 {[%emt 0:04:13]} 22. Bc1 {[%emt 0:00:43]} Nd5 {[%emt 0:06:48]} 23. Bf1 {[%emt 0:00:26]} a5 {[%emt 0:07:20]} 24. dxc5 {[%emt 0:05:12]} bxc5 {[%emt 0:00:34]} 25. Ba3 {[%emt 0:03:02]} Ndb6 {[%emt 0:00:59]} 0-1

[Event "24th European Women Club Cup 2019"]
[Site "Ulcinj"]
[Date "2019.11.10"]
[Round "1.7"]
[White "Daulyte-Cornette, Deimante"]
[Black "Eric, Jovana"]
[Result "1/2-1/2"]
[WhiteElo "2405"]
[BlackElo "2314"]
[Annotator "TA"]
[PlyCount "61"]
[EventDate "2019.11.10"]
[EventType "team-tourn"]
[EventCountry "MNE"]
[SourceTitle "playchess.com"]
[Source "ChessBase"]
[SourceQuality "1"]
[WhiteTeam "Cercle d`Echecs"]
[BlackTeam "Jelica PEP"]

{[%evp 12,61,64,49,75,89,91,70,73,87,87,75,73,24,87,64,73,78,99,59,65,49,49,46,109,94,112,114,152,74,72,70,65,33,40,8,9,0,20,0,2,-31,14,8,7,13,9,-26,0,-27,0,0]} 1. d4 e6 2. Nc3 d5 3. e4 Bb4 4. e5 b6 5. a3 Bf8 6. Nf3 Qd7 7. b4 Ne7 {C16: French: 3 Nc3 Bb4 4 e5: Lines without ...c5} (7... c6 8. Rb1 Ne7 9. a4 Nf5 10. Bd3 Na6 11. b5 Nb4 12. Bxf5 exf5 13. O-O Be7 14. e6 Qxe6 15. Re1 {1-0 (54) Leko,P (2713)-Georgiev,K (2655) Dubai 2002}) 8. Bd3 c5 9. bxc5 bxc5 {White is slightly better.} 10. dxc5 $146 ({Predecessor:} 10. Nb5 Nf5 11. dxc5 Bxc5 12. c3 Nc6 13. O-O a6 14. g4 Nfe7 15. Nbd4 Qc7 16. Re1 Bd7 17. Qe2 Qa7 18. Nb3 Bb6 19. Rb1 Ng6 20. a4 O-O {½-½ (20) Ciocaltea,V-Maric,R Monte Carlo 1969}) 10... Nec6 11. Be3 {Threatens to win with Nb5.} Na6 ({Not} 11... d4 $2 12. Nxd4 $1 {[%mdl 512]} Nxd4 13. Bxd4 $18 (13. Be4 Ndc6 $14)) 12. Bb5 {Black must now prevent Nd4.} Bb7 (12... Nxc5 $11 13. Nd4 Bb7) 13. Na4 Nc7 14. c4 $36 {[%mdl 2048] Keeping Black busy.} Be7 15. Rb1 O-O 16. O-O Rfd8 17. Qc2 h6 (17... dxc4 $14 18. Bxc4 Nd5) 18. Rfd1 Qc8 19. Nc3 Na5 {[#]} 20. cxd5 (20. Qa4 $142 $1 {[%cal Ra4a5]} a6 21. Bd7 (21. Qxa5 axb5 22. Qb4 dxc4 $11) 21... Qxd7 22. Qxa5) 20... Nxd5 $16 21. Nxd5 Bxd5 22. Be2 Qc7 23. Rdc1 Rab8 24. Rb4 Nc6 25. Rxb8 Rxb8 26. Bf4 g5 27. Be3 $1 Nxe5 28. Nxe5 Qxe5 29. Bc4 Bc6 30. Bf1 Qd5 31. Rd1 {Accuracy: White = 38%, Black = 29%.} 1/2-1/2

[Event "24th European Women Club Cup 2019"]
[Site "Ulcinj"]
[Date "2019.11.10"]
[Round "1.8"]
[White "Blagojevic, Tijana"]
[Black "Skripchenko, Almira"]
[Result "0-1"]
[WhiteElo "2169"]
[BlackElo "2403"]
[Annotator "NA RC"]
[PlyCount "86"]
[EventDate "2019.11.10"]
[EventType "team-tourn"]
[EventCountry "MNE"]
[SourceTitle "playchess.com"]
[Source "ChessBase"]
[SourceQuality "1"]
[WhiteTeam "Jelica PEP"]
[BlackTeam "Cercle d`Echecs"]
[TimeControl "40/5400+30:1800+30"]

1. e4 {[%emt 0:00:00]} c5 {[%emt 0:00:00]} 2. Nf3 {[%emt 0:00:00]} Nc6 {[%emt 0:00:00]} 3. Bb5 {[%emt 0:00:00]} g6 {[%emt 0:00:00]} 4. O-O {[%emt 0:00:00]} Bg7 {[%emt 0:00:00]} 5. Re1 {[%emt 0:00:06]} e5 {[%emt 0:00:52]} 6. Bxc6 {[%emt 0:00:22]} dxc6 {[%emt 0:00:05]} 7. d3 {[%emt 0:00:21]} Qe7 {[%emt 0:00:36]} 8. Nbd2 {[%emt 0:00:40]} Nh6 {[%emt 0:01:51]} 9. a3 {[%emt 0:04:56]} O-O {[%emt 0:05:27]} 10. b4 {[%emt 0:01:24]} Be6 {[%emt 0:06:42]} 11. Bb2 {[%emt 0:02:04]} f6 {[%emt 0:01:17]} 12. Bc3 {[%emt 0:02:18]} Rfd8 {[%emt 0:01:04]} 13. Qb1 {[%emt 0:00:48]} Nf7 {[%emt 0:05:10]} 14. Qb2 {[%emt 0:06:57]} cxb4 {[%emt 0:11:22]} 15. axb4 {[%emt 0:12:37]} Nd6 {[%emt 0:00:19]} 16. d4 {[%emt 0:08:10]} exd4 {[%emt 0:05:36]} 17. Bxd4 {[%emt 0:02:43]} Nb5 {[%emt 0:03:38]} 18. Bc5 {[%emt 0:05:37]} Qf7 {[%emt 0:03:34]} 19. Rad1 {[%emt 0:15:04]} b6 {[%emt 0:14:19]} 20. Bd4 {[%emt 0:03:16]} Rd7 {[%emt 0:05:48]} 21. c3 {[%emt 0:05:09]} Rad8 {[%emt 0:00:26]} 22. h3 {[%emt 0:00:13]} h6 {[%emt 0:05:51]} 23. Re3 {[%emt 0:03:42]} Kh7 {[%emt 0:07:01]} 24. Rde1 {[%emt 0:00:52]} Rb7 {[%emt 0:02:54]} 25. Qa1 {[%emt 0:06:54]} a5 {[%emt 0:01:30]} 26. e5 {[%emt 0:02:08]} f5 {[%emt 0:00:50]} 27. c4 {[%emt 0:02:09]} Nxd4 {[%emt 0:01:11]} 28. Nxd4 {[%emt 0:00:08]} axb4 {[%emt 0:02:25]} 29. N2f3 {[%emt 0:01:47]} c5 {[%emt 0:01:01]} 30. Nxe6 {[%emt 0:00:37]} Qxe6 {[%emt 0:00:04]} 31. Qa6 {[%emt 0:01:03]} Rbd7 {[%emt 0:03:01]} 32. Ra1 {[%emt 0:01:53]} Rd1+ {[%emt 0:01:11]} 33. Re1 {[%emt 0:00:03]} Rxe1+ {[%emt 0:00:43]} 34. Rxe1 {[%emt 0:00:09]} g5 {[%emt 0:00:22]} 35. Qb7 {[%emt 0:00:47]} Rd7 {[%emt 0:01:20]} 36. Qb8 {[%emt 0:01:06]} b3 {[%emt 0:01:15]} 37. Qc8 {[%emt 0:05:15]} b2 {[%emt 0:00:38]} 38. Qa6 {[%emt 0:00:06]} g4 {[%emt 0:00:15]} 39. hxg4 {[%emt 0:00:31]} fxg4 {[%emt 0:00:04]} 40. Nh2 {[%emt 0:00:00]} Qxe5 {[%emt 0:00:00]} 41. Rf1 {[%emt 0:08:02]} Qe4 {[%emt 0:05:16]} 42. Qb5 {[%emt 0:00:32]} Ra7 {[%emt 0:00:18]} 43. f3 {[%emt 0:03:14]} Qd4+ {[%emt 0:02:31]} 0-1

[Event "24th European Women Club Cup 2019"]
[Site "Ulcinj"]
[Date "2019.11.10"]
[Round "1.9"]
[White "Gunina, Valentina"]
[Black "Dzagnidze, Nana"]
[Result "1/2-1/2"]
[WhiteElo "2509"]
[BlackElo "2502"]
[Annotator "TA"]
[PlyCount "95"]
[EventDate "2019.11.10"]
[EventType "team-tourn"]
[EventCountry "MNE"]
[SourceTitle "playchess.com"]
[Source "ChessBase"]
[SourceQuality "1"]
[WhiteTeam "Maribor"]
[BlackTeam "Nona"]

{[%evp 11,95,37,32,22,22,24,24,19,25,20,32,16,68,94,86,56,43,60,62,60,62,46,47,41,41,49,45,0,0,0,0,0,0,0,9,2,8,6,27,27,27,27,30,11,11,11,12,11,12,12,12,9,25,33,69,69,69,69,69,69,69,69,69,69,69,28,28,28,69,69,69,69,69,69,69,69,69,69,69,38,38,0,0,0,0,0]} 1. e4 c5 2. Nf3 e6 3. d4 cxd4 4. Nxd4 Nc6 5. Nc3 Qc7 6. Be3 Nf6 7. Qf3 {B48: Sicilian: Taimanov: 5 Nc3 Qc7 6 Be3 a6 without Be2} a6 8. O-O-O Nxd4 9. Bxd4 {Hoping for e5.White has an edge.} e5 10. Be3 d6 11. h3 Be6 (11... b5 $11) 12. g4 $14 b5 $146 ({Predecessor:} 12... Rc8 13. g5 Nd7 14. a3 b5 {0-1 (50) Neiksans,A (2631)-Matlakov,M (2694) Tallinn 2016}) 13. g5 b4 14. Nd5 Nxd5 15. exd5 Bd7 16. Qe4 Rb8 17. f4 g6 $1 18. fxe5 dxe5 19. h4 Bf5 20. Qc4 Qxc4 21. Bxc4 Rc8 22. Bb3 {d6 is the strong threat.} Bd6 23. Ba4+ Ke7 24. Bc6 Rxc6 25. dxc6 Rc8 26. Rd2 Rxc6 27. h5 gxh5 28. Rxh5 Ke6 29. Rh4 Be7 30. b3 e4 31. Rh6+ Bg6 {White should prevent ...Rc3.} 32. Rd4 $36 {[%mdl 2048] White has good play.} Bc5 {[#] Threatens to win with ...Ke5.} 33. Rxe4+ $1 Kd5 34. Bxc5 $1 Bxe4 35. Rxc6 Kxc6 36. Bxb4 {[%mdl 4096] Endgame KB-KB} Kd5 37. c4+ Ke6 38. Kd2 f6 39. gxf6 Kxf6 40. Bd6 Ke6 41. Bg3 Kd7 42. Kc3 Bf3 43. Kb4 {Black must now prevent Ka5.} Kc6 44. Ka5 Kb7 $1 45. a4 Bd1 46. b4 Be2 47. c5 Kc6 48. Bh4 {Accuracy: White = 67%, Black = 80%.} 1/2-1/2